Former Countries of the Kalmar Union - Statistics

General Stats
  • This quiz has been taken 74 times
  • The average score is 5 of 5
Answer Stats
Countries % Correct
Denmark
100%
Norway
100%
Sweden
100%
Finland
98%
Iceland
93%
No matching quizzes found
Score Distribution
Percent of People with Each Score
Percentile by Number Answered
Your Score History
You have not taken this quiz